| 000 | 01093nam a2200205Ia 4500 | ||
|---|---|---|---|
| 003 | PE SENCICO BE | ||
| 005 | 20251020182431.0 | ||
| 008 | 200515s9999 xx 000 0 und d | ||
| 020 | _a950-15-1097-2 | ||
| 040 |
_aPE SENCICO BE _cPE SENCICO BE |
||
| 082 |
_a303.3 _bT78 |
||
| 100 | 1 |
_aTracy, Diane _92571 _eautor |
|
| 245 | 1 | 0 |
_aLa pirámide del poder : _bcómo obtener poder cediéndolo / _cDiane Tracy |
| 260 |
_aBuenos Aires : _bVergara ; _c1992 |
||
| 300 |
_a171 p. : _bil., graf. ; _c22 cm. |
||
| 505 | 0 | _aEl poder a través de la responsabilidad -- El poder a través de la autoridad -- El poder a través de las normas de la excelencia -- El poder a través del entrenamiento y el desarrollo -- El poder a través del conocimiento y la información -- El poder a través de la retroacción -- El poder a través del reconocimiento -- El poder a través de la confianza -- El poder a través de la autorización para fallar -- El poder a través del respeto -- La pirámide del poder | |
| 650 | 1 | 0 |
_aPoder (Ciencias sociales) _92572 |
| 650 | 2 | 0 |
_aAutoridad _92447 |
| 942 |
_cLIB _2ddc |
||
| 999 |
_c245 _d245 |
||